000 00527nam a2200193Ia 4500
005 20250507130241.0
008 008 250505s9999 xx 000 0 eng d
037 _aSeries Article
040 _aEASL
_beng
_cEASL
041 _aeng
_2eng
084 _qEASL
100 _aHo Min-Sho
_9669093
245 0 _aRise and fall of leninist control in Taiwan's industry
260 _aUK
_bUK Cambridge Univesity Press UK
_c2007
300 _a162-179
650 _aChina
942 _cSRA
999 _c1318567
_d1318567